Statistics for Guess the song #2

Click here to take the quiz!

General Stats

  • This quiz has been taken 252 times
  • The average score is 102 of 254

Answer Stats

Answer% Correct
I
98%
a
97%
you
92%
the
90%
he
83%
We
83%
we
83%
an
82%
Love
81%
me
80%
be
78%
to
76%
on
73%
and
69%
And
69%
it
69%
in
66%
In
66%
are
64%
is
64%
so
64%
her
62%
your
62%
Your
62%
when
61%
can
59%
of
55%
my
53%
where
52%
will
51%
for
50%
have
50%
us
50%
What
50%
that
47%
That
47%
day
44%
There
44%
how
41%
How
41%
one
41%
this
41%
All
40%
all
40%
don't
39%
his
39%
see
39%
know
38%
could
37%
I'm
37%
life
37%
Can't
36%
With
36%
with
36%
as
35%
at
34%
Hear
33%
it's
33%
here
30%
But
29%
from
29%
Now
29%
now
29%
would
29%
I'll
26%
our
26%
every
25%
make
25%
Oh
25%
Let
24%
beautiful
22%
gone
21%
out
21%
thing
19%
loved
18%
over
18%
place
17%
eye
15%
made
15%
sun
15%
dream
14%
long
14%
young
14%
hold
13%
those
12%
tonight
12%
die
11%
even
11%
meet
11%
name
11%
around
9%
blink
9%
fly
9%
sea
9%
sleep
9%
close
8%
face
8%
keep
8%
above
7%
believe
7%
everyone
7%
found
7%
move
7%
sweet
7%
voice
7%
arms
6%
cloud
6%
loud
6%
remember
6%
strange
6%
street
6%
lay
5%
music
5%
Soft
5%
anything
4%
lights
4%
round
4%
through
4%
trees
4%
ago
3%
count
3%
flash
3%
mouth
3%
screen
3%
sounds
3%
bend
2%
circling
2%
clouds
2%
fingers
2%
laughing
2%
push
2%
reach
2%
rolling
2%
winter
2%
aeroplane
1%
Anna's
1%
ashes
1%
clothes
1%
curious
1%
ghost
1%
keeping
1%
muscles
1%
notes
1%
ones
1%
ringing
1%
secrets
1%
smooth
1%

Score Distribution

Percentile by Number Answered

Percent of People with Each Score

Your Score History

You have not taken this quiz